| 000 | 00355nam a2200133Ia 4500 | ||
|---|---|---|---|
| 008 | 230711s9999||||xx |||||||||||||| ||und|| | ||
| 041 | _aENG | ||
| 082 |
_a621.3 _bGO-V |
||
| 100 | _aGopal,M | ||
| 245 | 0 | _aL : 20 Basic principles of feedback control engineering-II | |
| 260 |
_c1995 _aNew Delhi _bIIT ,Delhi |
||
| 650 | _aElectrical Engineering | ||
| 942 | _cBK | ||
| 999 |
_c3195 _d3195 |
||